Bytový dom
Salvato in:
| Autore principale: | |
|---|---|
| Altri autori: | |
| Natura: | Manoscritto Libro |
| Lingua: | slovacco |
| Pubblicazione: |
2024
|
| Soggetti: | |
| Accesso online: | http://is.stuba.sk/zp/portal_zp.pl?podrobnosti=178191 https://opac.crzp.sk/?fn=detailBiblioForm&sid=E866CA411CD4E51494BE8569BB2C |
| Tags: |
Nessun Tag, puoi essere il primo ad aggiungerne!!
|
MARC
| LEADER | 00000ntm a22000003a 4500 | ||
|---|---|---|---|
| 001 | stuzp99206 | ||
| 003 | SK-STU | ||
| 005 | 20240916144206.3 | ||
| 007 | ta | ||
| 008 | 150427s2015----xo-----f-mn---000-0-slo-d | ||
| 040 | |a STU |b slo | ||
| 041 | 0 | |a slo | |
| 100 | 1 | |a Šutarík, Marek |u 010270 |4 aut |U SvF Stavebná fakulta |T SvF Katedra technológie stavieb |X 104211 |U V270 |Y 28 |7 104211 | |
| 242 | 0 | 1 | |a Apartment Building |y eng |
| 245 | 1 | 0 | |a Bytový dom |
| 260 | |c 2024 | ||
| 650 | 4 | |a Stropná doska |2 slo | |
| 650 | 4 | |a Železobetón |2 slo | |
| 650 | 4 | |a Konštrukcia |2 slo | |
| 650 | 4 | |a Reinforced concrete |2 eng | |
| 650 | 4 | |a monolithic ceiling structures |2 eng | |
| 650 | 4 | |a Construction |2 eng | |
| 700 | 1 | |a Šťastný, Patrik |u 010270 |k Z2 |4 ths |U SvF Stavebná fakulta |T SvF Katedra technológie stavieb |X 70398 |U V270 |Y 28 |7 70398 | |
| 856 | 4 | |u http://is.stuba.sk/zp/portal_zp.pl?podrobnosti=178191 | |
| 856 | 4 | |u https://opac.crzp.sk/?fn=detailBiblioForm&sid=E866CA411CD4E51494BE8569BB2C | |